| 000 | 00929na a2200277 4500 | ||
|---|---|---|---|
| 001 | 23687 | ||
| 003 | MIRAKIL | ||
| 005 | 20181213155258.0 | ||
| 008 | 171204b tu 000 0 | ||
| 020 | _a9751920663 | ||
| 035 | _a15838 | ||
| 040 |
_aMilas _btur _cTR-AnCHP |
||
| 041 | _atur | ||
| 082 |
_a330.9562252 _bD67e 1998 |
||
| 090 | _a330.9562252 D67e 1998 | ||
| 110 | _aDevlet Planlama Teşkilatı (DPT) | ||
| 245 |
_aEkonomik ve sosyal göstergeler Kocaeli _cDevlet Planlama Teşkilatı (DPT) |
||
| 260 |
_aAnkara _bDevlet Planlama Teşkilatı (DPT) _c1998 |
||
| 300 |
_axıv, 329 s. _btbl. _c30 sm. |
||
| 490 |
_aDevlet Planlama Teşkilatı (DPT) _vyayın no: 2166 |
||
| 500 | _aKurumun yeni adı: Kalkınma Bakanlığı | ||
| 650 |
_aSosyo ekonomik göstergeler _xKocaeli _yTürkiye |
||
| 651 |
_aTürkiye _xEkonomik durum _yİstatistikler |
||
| 651 |
_aTürkiye _xSosyal durum _yİstatistikler |
||
| 942 |
_2ddc _cBKS |
||
| 999 |
_c9854 _d9854 |
||